[Event "COL-ch Amateur U2000"]
[Site "Paipa"]
[Date "2020.02.29"]
[Round "7"]
[White "Lizcano, Jair"]
[Black "Castillo Barajas, Jonhatan"]
[Result "0-1"]
[WhiteElo "1830"]
[BlackElo "1807"]
[PlyCount "126"]
[EventDate "2020.02.26"]
[EventType "swiss"]
[EventRounds "9"]
[EventCountry "COL"]
[SourceTitle "CBM 195 Extra"]
[Source "ChessBase"]
[SourceDate "2020.05.31"]
[SourceVersion "1"]
[SourceVersionDate "2020.05.31"]
[SourceQuality "1"]

1. d4 Nf6 2. c4 g6 3. Nc3 d5 4. cxd5 Nxd5 5. e4 Nxc3 6. bxc3 Bg7 7. Bc4 c5 8. Ne2 0-0 9. 0-0 Nc6 10. Be3 Qa5 11. Qb3 b6 12. dxc5 bxc5 13. Qb5 Qc7 14. Bd5 Bd7 15. Qxc5 Rac8 16. f4 Bg4 17. Rf2 Bxe2 18. Rxe2 Nd4 19. Bxd4 Qxc5 20. Bxc5 Rxc5 21. Rb1 e6 22. Bb3 Bxc3 23. Rd1 Rb8 24. Re3 a5 25. Rdd3 Bb4 26. Rd1 Bc3 27. Rdd3 Bb2 28. Re2 Ba3 29. Rc2 Rxc2 30. Bxc2 Bc5+ 31. Kf1 Rb2 32. Rc3 Bd4 33. Rc8+ Kg7 34. a4 Ra2 35. h3 Be3 36. g3 Bd2 37. Ke2 Bb4 38. Kf3 Ra3+ 39. Kg2 h5 40. g4 h4 41. f5 gxf5 42. exf5 exf5 43. gxf5 Rg3+ 44. Kf2 Rxh3 45. Be4 Ra3 46. Bc6 Bc5+ 47. Kg2 h3+ 48. Kf1 Ra1+ 49. Ke2 h2 50. f6+ Kxf6 51. Rh8 Kg5 52. Kd3 Ra2 53. Kc4 Bb4 54. Kd3 Kf4 55. Rh4+ Kg3 56. Rh7 f5 57. Rg7+ Kf4 58. Rh7 Rd2+ 59. Kc4 Kg3 60. Rg7+ Kf2 61. Rg2+ Kf1 62. Rg5 Rc2+ 63. Kb5 Rc5+ 0-1

[Event "Santander SUB 1800"]
[Site "Santander"]
[Date "2013.05.25"]
[Round "5.1"]
[White "Lizcano, Jair"]
[Black "Gonzalez Delgado, Hugo Andres"]
[Result "1-0"]
[WhiteElo "1600"]
[BlackElo "1753"]
[PlyCount "43"]
[EventDate "2013.05.18"]
[EventType "swiss"]
[EventRounds "7"]
[EventCountry "COL"]
[SourceTitle "EXT 2024"]
[Source "ChessBase"]
[SourceDate "2023.10.10"]
[SourceVersion "1"]
[SourceVersionDate "2023.10.10"]
[SourceQuality "1"]

1. c4 Nf6 2. Nc3 b6 3. d4 d5 4. cxd5 Nxd5 5. e4 Nxc3 6. bxc3 g6 7. Bf4 Bg7 8. Nf3 0-0 9. Be2 c5 10. 0-0 Bb7 11. Qd3 cxd4 12. cxd4 Ba6 13. Qd2 Bxe2 14. Qxe2 Nc6 15. Rad1 Bxd4 16. Nxd4 Nxd4 17. Qc4 e5 18. Bxe5 Nf3+ 19. gxf3 Qg5+ 20. Bg3 h5 21. h4 Qf6 22. Rd6 1-0